000 00438nam a2200193Ia 4500
005 20250603144443.0
008 250603s9999 xx 000 0 und d
020 _a9781259095580
050 _aHF 5635 .H86/
100 _aHoyle, Joe B.
245 0 _aAdvanced accounting
250 _a12th ed.
260 _aNew York
260 _bMcGraw-Hill Education
260 _c2015
300 _a904 p
650 _aNew York
942 _cBK
999 _c38967
_d38967